| 000 | 00725nam a2200205Ii 4500 | ||
|---|---|---|---|
| 003 | JO-AjNU | ||
| 008 | 230605s9999||||xx |||||||||||||| ||und|| | ||
| 040 |
_aJO-AjNU _bara _erda _cJO-AjNU |
||
| 041 | _aara | ||
| 050 | 1 | 4 | _aHM263 .J3962 2000 |
| 100 | 3 |
_aالجوهر، محمد ناجي, _eauthor _945399 |
|
| 245 | 0 | 0 | _aوسائل الاتصال في العلاقات العامة |
| 250 | _aط1 | ||
| 264 | 3 | 1 | _aعمان: مكتبة الرائد العلمية، 2000 |
| 300 |
_a287ص _bيحتوي على ببلوغرافية من 285-287ص |
||
| 336 |
_atext _btxt _2rdacontent |
||
| 337 |
_aunmediated _bn _2rdamedia |
||
| 338 |
_avolume _bnc _2rdacarrier |
||
| 650 | 4 |
_aالاتصال - علم الاجتماع _945400 |
|
| 999 |
_aA19676 _c23244 _d23244 |
||